[Event "XXVI. Rhein-Main-Open, Gruppe B"]
[Site "Bad Homburg vor der Höhe"]
[Date "2024.05.29"]
[Round "3"]
[White "Hees, Robin"]
[Black "Accorsini, Luca"]
[Result "1/2-1/2"]
[WhiteElo "1552"]
[BlackElo "1519"]
[PlyCount "132"]
[EventDate "2024.??.??"]
[WhiteTeam "SK Bad Homburg 1927"]
[BlackTeam "Sabt Frankfurter TV 1860"]

1. c4 e5 2. Nc3 Nf6 3. Nf3 d6 4. g3 c5 5. Bg2 Nc6 6. e3 Bg4 7. h3 Be6 8. Qa4 h6 9. O-O Be7 10. d4 exd4 11. exd4 Bd7 12. dxc5 dxc5 13. Be3 O-O 14. Qd1 Qc8 15. Kh2 Rd8 16. Qe2 Be6 17. Rad1 a6 18. b3 Qc7 19. Na4 Na5 20. Rxd8+ Rxd8 21. b4 Bxc4 22. Qc2 Bxf1 23. Bxf1 Nc6 24. bxc5 Ne5 25. Bg2 Nd3 26. Bf1 Nb4 27. Qb3 Nbd5 28. Bd4 Ne4 29. Bc4 Ndf6 30. Bxf7+ Kh8 31. Bg6 Bxc5 32. Ne5 Ng5 33. Nxc5 Rxd4 34. Ne6 Qxe5 35. Nxd4 Qxd4 36. Kg2 Qd5+ 37. Qxd5 Nxd5 38. h4 Ne6 39. Be4 Nec7 40. Kf3 Kg8 41. a3 b6 42. g4 g5 43. hxg5 hxg5 44. Bxd5+ Nxd5 45. Ke4 Nf4 46. Kf5 Kf7 47. Kxg5 Nh3+ 48. Kf5 Nxf2 49. Ke5 Nxg4+ 50. Kd6 Ne3 51. Kc6 b5 52. Kb6 Nc4+ 53. Kxa6 Nxa3 54. Ka5 Ke6 55. Kb4 Kd5 56. Kxa3 Kc4 57. Kb2 Kb4 58. Ka2 Kc3 59. Kb1 b4 60. Ka2 b3+ 61. Ka1 Kb4 62. Kb1 Ka3 63. Ka1 Kb4 64. Kb1 Kc3 65. Kc1 b2+ 66. Kb1 Kb3 1/2-1/2

[Event "XXVI. Rhein-Main-Open, Gruppe B"]
[Site "Bad Homburg vor der Höhe"]
[Date "2024.05.29"]
[Round "3"]
[White "Henn, Jochen"]
[Black "Zerhusen, Martin"]
[Result "0-1"]
[WhiteElo "1671"]
[BlackElo "1805"]
[PlyCount "120"]
[EventDate "2024.??.??"]
[WhiteTeam "SC Bad Nauheim"]
[BlackTeam "SV Rüsselsheim 1929"]

1. e4 c5 2. Nf3 Nc6 3. d3 d6 4. Be2 g6 5. O-O Bg7 6. c3 e5 7. Nbd2 Nge7 8. Nc4 O-O 9. Bg5 h6 10. Bh4 b5 11. Ne3 Be6 12. Nd2 g5 13. Bg3 Ng6 14. Nd5 Nf4 15. Bxf4 exf4 16. Nb3 Rb8 17. Rb1 a5 18. Nd2 b4 19. h3 Ne7 20. c4 Nc6 21. b3 Nd4 22. Bh5 Qd7 23. Nf3 Bxd5 24. exd5 Rfe8 25. Nxd4 Bxd4 26. Qf3 Re7 27. Bg4 Qc7 28. Bf5 Rbe8 29. Be4 Qd7 30. h4 f5 31. hxg5 fxe4 32. dxe4 hxg5 33. Qh5 Rg7 34. Rfe1 Qf7 35. Qd1 Rh7 36. Qf3 Qh5 37. Qxh5 Rxh5 38. Re2 Kf7 39. Ree1 Reh8 40. Kf1 Rh1+ 41. Ke2 Rxe1+ 42. Rxe1 Rh2 43. Kf3 Kg6 44. Rf1 Kh5 45. g3 fxg3 46. Kxg3 Be5+ 47. Kf3 g4+ 48. Ke2 g3 49. Kf3 Rxf2+ 50. Rxf2 gxf2 51. Kxf2 Kg4 52. Ke3 Kg3 53. Kd3 Kf3 54. Kc2 Kxe4 55. Kb1 Kd3 56. Kc1 Bc3 57. Kb1 Kd2 58. a3 bxa3 59. Ka2 Bb4 60. Ka1 Kc3 0-1

[Event "XXVI. Rhein-Main-Open, Gruppe B"]
[Site "Bad Homburg vor der Höhe"]
[Date "2024.05.29"]
[Round "3"]
[White "Hofmann, Marco"]
[Black "Nikonenko, Hlib"]
[Result "1-0"]
[WhiteElo "1404"]
[BlackElo "1648"]
[PlyCount "63"]
[EventDate "2024.??.??"]
[WhiteTeam "VSG 1880 Offenbach"]
[BlackTeam "SV Oberursel"]

1. d4 e6 2. Nf3 d5 3. e3 Nf6 4. Bd3 c5 5. c3 Nc6 6. O-O Be7 7. Nbd2 O-O 8. Re1 Re8 9. dxc5 Bxc5 10. e4 dxe4 11. Nxe4 Nxe4 12. Bxe4 Qb6 13. Qc2 h6 14. Be3 Bxe3 15. Rxe3 Qc7 16. Rd1 Rb8 17. Qe2 Bd7 18. Red3 Rbd8 19. R3d2 f5 20. Bxc6 bxc6 21. Ne5 Bc8 22. Rxd8 Rxd8 23. Rxd8+ Qxd8 24. Nxc6 Qc7 25. Ne5 Qd6 26. Nf3 Kf7 27. Qd2 Qb6 28. b4 a5 29. h3 axb4 30. cxb4 Qc7 31. a4 Qc4 32. Ne5+ 1-0

[Event "XXVI. Rhein-Main-Open, Gruppe B"]
[Site "Bad Homburg vor der Höhe"]
[Date "2024.05.29"]
[Round "3"]
[White "Iannotti, Tim"]
[Black "Stojanoski, Stefan"]
[Result "1/2-1/2"]
[WhiteElo "1094"]
[BlackElo "1638"]
[PlyCount "144"]
[EventDate "2024.??.??"]
[WhiteTeam "SV Oberursel"]
[BlackTeam "SAbt TuS Makkabi Ffm"]

1. e4 e5 2. Nf3 Nc6 3. Bc4 Bc5 4. c3 Nf6 5. d4 exd4 6. cxd4 Bb4+ 7. Nc3 Nxe4 8. O-O Bxc3 9. bxc3 d5 10. Re1 O-O 11. Bd3 Re8 12. Qc2 Nf6 13. Bg5 Rxe1+ 14. Rxe1 g6 15. Nh4 Kg7 16. Qb3 Rb8 17. Bb5 Na5 18. Bxf6+ Qxf6 19. Qxd5 Be6 20. Qe5 Qxe5 21. Rxe5 Bxa2 22. Bd3 Nc6 23. Re2 Be6 24. Be4 Ne7 25. h3 c6 26. Nf3 Bd5 27. Ng5 Bxe4 28. Nxe4 Nd5 29. c4 Nf6 30. Nd6 Ng8 31. c5 b6 32. Rb2 b5 33. d5 cxd5 34. Rxb5 Rxb5 35. Nxb5 a5 36. f4 a4 37. Kf2 Kf6 38. g4 g5 39. fxg5+ Kxg5 40. Kg3 Ne7 41. h4+ Kg6 42. Kf4 Kf6 43. g5+ Ke6 44. Nd4+ Kd7 45. Ke3 Nc6 46. Nc2 Kc7 47. Kd3 Ne5+ 48. Kd4 Nf3+ 49. Kxd5 Nxh4 50. Na3 Nf5 51. Nb5+ Kc8 52. Kc4 Ng3 53. Nd6+ Kd7 54. Nxf7 Ne4 55. Kd4 Ke7 56. Kxe4 Kxf7 57. Kd3 Ke7 58. Kc3 Kd7 59. Kb4 Kc6 60. Kxa4 Kxc5 61. Kb3 Kd4 62. Kc2 Ke3 63. Kd1 Kf2 64. Kd2 Kf3 65. Ke1 Kf4 66. Kf2 Kxg5 67. Kg3 h5 68. Kh3 h4 69. Kg2 Kg4 70. Kh2 h3 71. Kg1 Kg3 72. Kh1 h2 1/2-1/2

[Event "XXVI. Rhein-Main-Open, Gruppe B"]
[Site "Bad Homburg vor der Höhe"]
[Date "2024.05.29"]
[Round "3"]
[White "Keller, Konstantin"]
[Black "Beier, Claus Christian"]
[Result "0-1"]
[WhiteElo "1686"]
[BlackElo "1674"]
[PlyCount "72"]
[EventDate "2024.??.??"]
[WhiteTeam "SV 1920 Hofheim"]
[BlackTeam "SK Bad Homburg 1927"]

1. d4 d5 2. c4 e6 3. Nc3 c6 4. Nf3 dxc4 5. a4 Bb4 6. e3 b5 7. Bd2 a5 8. axb5 Bxc3 9. Bxc3 cxb5 10. b3 Bb7 11. bxc4 b4 12. Bb2 Nf6 13. Bd3 O-O 14. O-O Nbd7 15. Qc2 Qc7 16. e4 h6 17. e5 Nh5 18. Bc1 f5 19. exf6 Rxf6 20. Be4 b3 21. Qd3 a4 22. Nd2 Nf4 23. Qe3 Nb6 24. Bxb7 Qxb7 25. Ne4 Rff8 26. Qf3 Nh3+ 27. Qxh3 Qxe4 28. Bxh6 gxh6 29. Rae1 Qf5 30. Qxh6 Rf6 31. Qh4 Nxc4 32. d5 exd5 33. Re7 Rf7 34. Rfe1 Rxe7 35. Qxe7 Rf8 36. f3 b2 0-1

[Event "XXVI. Rhein-Main-Open, Gruppe B"]
[Site "Bad Homburg vor der Höhe"]
[Date "2024.05.29"]
[Round "3"]
[White "Kellermann, Friedrich"]
[Black "Gerber, Ingo"]
[Result "1/2-1/2"]
[WhiteElo "1633"]
[BlackElo "1719"]
[PlyCount "41"]
[EventDate "2024.??.??"]
[WhiteTeam "SC Hilchenbach"]
[BlackTeam "Sfr.Mainz 1928"]

1. c4 Nf6 2. Nc3 e5 3. g3 Be7 4. Bg2 c6 5. e3 O-O 6. Nge2 d6 7. O-O Be6 8. b3 d5 9. cxd5 cxd5 10. d4 exd4 11. exd4 Nc6 12. Bf4 a6 13. Qc2 Rc8 14. a3 b5 15. b4 Qb6 16. Qd3 Rfd8 17. Be3 Bd6 18. h3 Ne7 19. Rac1 Bf5 20. Qd2 h6 21. Nf4 1/2-1/2

[Event "XXVI. Rhein-Main-Open, Gruppe B"]
[Site "Bad Homburg vor der Höhe"]
[Date "2024.05.29"]
[Round "3"]
[White "Kesavan, Sarvesh"]
[Black "Pfaff, Helmut"]
[Result "1-0"]
[WhiteElo "1670"]
[BlackElo "1529"]
[PlyCount "95"]
[EventDate "2024.??.??"]
[WhiteTeam "SK Bad Homburg 1927"]
[BlackTeam "Vorw.Orient Mainz"]

1. e4 e5 2. Nf3 Nc6 3. Bc4 f6 4. d3 Nd4 5. Nxd4 exd4 6. Qh5+ g6 7. Qd5 Qe7 8. Qxd4 c5 9. Qe3 Bg7 10. O-O d6 11. Bb5+ Bd7 12. Bxd7+ Qxd7 13. Nd2 Ne7 14. Nc4 b5 15. Nd2 O-O 16. Qe2 d5 17. Re1 Rae8 18. Qf1 Nc6 19. exd5 Nd4 20. Nf3 Nxc2 21. Rxe8 Rxe8 22. Rb1 Qxd5 23. a3 f5 24. Qd1 Nd4 25. Nxd4 Qxd4 26. Be3 Qd6 27. Qb3+ Kh8 28. Qxb5 Rb8 29. Qxc5 Qxd3 30. Qc1 Bxb2 31. Rxb2 Rxb2 32. Qxb2+ Kg8 33. Qb8+ Kg7 34. Qxa7+ Kf6 35. Qd4+ Qxd4 36. Bxd4+ Ke6 37. Kf1 Kd5 38. Bc3 Kc6 39. Ke2 Kb5 40. Ke3 Ka4 41. Bb4 Kb5 42. Kf4 Kc4 43. Kg5 Kd4 44. a4 Kc4 45. a5 Kxb4 46. a6 Kb5 47. a7 Kb6 48. a8=Q 1-0

[Event "XXVI. Rhein-Main-Open, Gruppe B"]
[Site "Bad Homburg vor der Höhe"]
[Date "2024.05.29"]
[Round "3"]
[White "Kovacs, Adam"]
[Black "Li, Xiao Teng"]
[Result "1-0"]
[WhiteElo "1421"]
[BlackElo "1276"]
[PlyCount "111"]
[EventDate "2024.??.??"]
[WhiteTeam "SK Gründau"]
[BlackTeam "SK Bad Homburg 1927"]

1. Nf3 Nc6 2. d4 d5 3. c4 Nf6 4. cxd5 Nxd5 5. e4 Nf6 6. d5 Nb4 7. Qa4+ Bd7 8. Qxb4 b6 9. Bg5 e6 10. Qd2 Nxe4 11. Bxd8 Nxd2 12. Nbxd2 Rxd8 13. dxe6 Bxe6 14. Bb5+ Bd7 15. Bxd7+ Rxd7 16. O-O Be7 17. Rad1 O-O 18. Nb3 Rfd8 19. Rxd7 Rxd7 20. g3 Bf6 21. Re1 h6 22. Ne5 Re7 23. f4 g5 24. Kf1 gxf4 25. gxf4 Bh4 26. Re2 Re6 27. Nf3 Rf6 28. Re4 Bg5 29. fxg5 Rxf3+ 30. Kg2 Rf5 31. gxh6 Rh5 32. Re7 Rxh6 33. Rxc7 a5 34. Nd4 Rd6 35. Rc8+ Kh7 36. Nf3 Rg6+ 37. Kh1 Rf6 38. Rc3 Rd6 39. Rc7 Kg8 40. Kg2 Re6 41. Kf2 Rd6 42. h4 Rh6 43. Kg3 Rg6+ 44. Kh3 Rf6 45. Ng5 Kg7 46. Rxf7+ Rxf7 47. Nxf7 Kxf7 48. Kg4 Kg6 49. Kf4 Kh5 50. Ke5 Kxh4 51. Kd5 Kg5 52. Kc6 Kf5 53. Kxb6 a4 54. Kb5 Ke5 55. Kxa4 Kd5 56. Kb5 1-0

[Event "XXVI. Rhein-Main-Open, Gruppe B"]
[Site "Bad Homburg vor der Höhe"]
[Date "2024.05.29"]
[Round "3"]
[White "Kulkovets, Roman"]
[Black "Boscher, Hans"]
[Result "1-0"]
[WhiteElo "1684"]
[BlackElo "1750"]
[PlyCount "89"]
[EventDate "2024.??.??"]
[WhiteTeam "SAbt TuS Makkabi Ffm"]
[BlackTeam "SC Bad Soden"]

1. e4 e6 2. b3 d5 3. Bb2 dxe4 4. Nc3 Nf6 5. Qe2 Be7 6. O-O-O b6 7. g4 Bb7 8. Bg2 Nbd7 9. Nh3 O-O 10. g5 Ne8 11. Nxe4 Nd6 12. f4 Nxe4 13. Bxe4 Bxe4 14. Qxe4 Re8 15. d4 Qc8 16. Qc6 Bd6 17. Rhf1 Nf8 18. c4 Qd7 19. Qf3 Qe7 20. Kc2 Rad8 21. Rde1 Bb4 22. Re2 c5 23. d5 Qd7 24. Rd1 exd5 25. Rxd5 Rxe2+ 26. Qxe2 Qe8 27. Qxe8 Rxe8 28. Kd3 Re1 29. Be5 Rd1+ 30. Ke4 Rxd5 31. Kxd5 Ne6 32. f5 Nd4 33. Bxd4 cxd4 34. Kxd4 Bc5+ 35. Ke4 Kf8 36. Nf4 Ke7 37. b4 Bd6 38. h4 Kd7 39. Nd5 Kc6 40. h5 h6 41. g6 fxg6 42. hxg6 Bf8 43. f6 gxf6 44. Nxf6 Bg7 45. Ne8 1-0

[Event "XXVI. Rhein-Main-Open, Gruppe B"]
[Site "Bad Homburg vor der Höhe"]
[Date "2024.05.29"]
[Round "3"]
[White "Moldenhauer, Nils"]
[Black "Schloemer, Andreas"]
[Result "0-1"]
[WhiteElo "1685"]
[BlackElo "1766"]
[PlyCount "92"]
[EventDate "2024.??.??"]
[WhiteTeam "SV Oberursel"]
[BlackTeam "SK Upland Willingen"]

1. e4 c5 2. Nf3 d6 3. c3 e6 4. Bd3 Nf6 5. Bc2 Be7 6. O-O O-O 7. d4 cxd4 8. cxd4 Qc7 9. Nc3 a6 10. Be3 b5 11. a3 Nbd7 12. Rc1 Qd8 13. b4 Nb6 14. Nd2 Bd7 15. Bb1 Rc8 16. Qe2 e5 17. d5 Ng4 18. h3 Nxe3 19. Qxe3 Bg5 20. Qd3 Nc4 21. Nxc4 bxc4 22. Qe2 Bxc1 23. Rxc1 Qg5 24. Qe3 Qxe3 25. fxe3 g6 26. Re1 Rc7 27. Bc2 Rb8 28. Rb1 Rcb7 29. Rc1 a5 30. bxa5 Ra7 31. a4 Rxa5 32. Bd1 Rb4 33. Ra1 Rb2 34. Rc1 Ra7 35. Bc2 Ra8 36. Kh2 Kg7 37. Kg3 h5 38. Kh4 Kh6 39. Kg3 f5 40. exf5 gxf5 41. Kf3 Kg5 42. Kg3 h4+ 43. Kh2 Kf6 44. Kg1 e4 45. Kf1 Ke5 46. Ke1 Ra5 0-1

[Event "XXVI. Rhein-Main-Open, Gruppe B"]
[Site "Bad Homburg vor der Höhe"]
[Date "2024.05.29"]
[Round "3"]
[White "Muehlpfordt, Werner"]
[Black "Ploetz, Hans Juergen"]
[Result "1-0"]
[WhiteElo "1971"]
[BlackElo "1769"]
[PlyCount "51"]
[EventDate "2024.??.??"]
[WhiteTeam "SC 1997 Lambsheim"]
[BlackTeam "SC Bad Nauheim"]

1. e4 d6 2. d4 Nf6 3. Nc3 Nbd7 4. f4 c6 5. Nf3 Qa5 6. Bd3 e5 7. O-O Be7 8. Kh1 O-O 9. a3 Qb6 10. Ne2 exd4 11. Nexd4 Nc5 12. Be3 Ncxe4 13. Ng5 Nxg5 14. fxg5 Nd5 15. Bc1 Be6 16. c4 Nc7 17. Be3 c5 18. Nf5 Bxf5 19. Bxf5 Ne6 20. Qg4 Nd4 21. Bxd4 cxd4 22. b4 a5 23. Rae1 Rae8 24. Bd7 axb4 25. Bxe8 Rxe8 26. Qf4 1-0

[Event "XXVI. Rhein-Main-Open, Gruppe B"]
[Site "Bad Homburg vor der Höhe"]
[Date "2024.05.29"]
[Round "3"]
[White "Negru, Maximilian"]
[Black "Eckhard, Laura"]
[Result "1-0"]
[WhiteElo "1605"]
[BlackElo "1193"]
[PlyCount "63"]
[EventDate "2024.??.??"]
[WhiteTeam "SK Bad Homburg 1927"]
[BlackTeam "Sfr.Heidesheim"]

1. e4 e5 2. Nf3 Nc6 3. Bc4 Bc5 4. d4 exd4 5. Ng5 Nh6 6. Nxf7 Nxf7 7. Bxf7+ Kxf7 8. Qh5+ Kf8 9. Qxc5+ Qe7 10. Qf5+ Qf7 11. Qg5 d6 12. O-O Qe7 13. Qf4+ Qf7 14. Qg3 Be6 15. f4 Ke7 16. f5 Bxa2 17. f6+ gxf6 18. Qh4 Bc4 19. Rxf6 Qxf6 20. Bg5 Qxg5 21. Qxg5+ Kd7 22. Qg7+ Ke6 23. Nd2 d5 24. exd5+ Bxd5 25. Re1+ Kd6 26. c4 Bxg2 27. Qf6+ Kc5 28. Kxg2 Rhg8+ 29. Kh1 Raf8 30. Qe6 Re8 31. Qd5+ Kb6 32. Qb5# 1-0

[Event "XXVI. Rhein-Main-Open, Gruppe B"]
[Site "Bad Homburg vor der Höhe"]
[Date "2024.05.29"]
[Round "3"]
[White "Obst, Dietmar"]
[Black "Winter, Thomas"]
[Result "1-0"]
[WhiteElo "1618"]
[BlackElo "1624"]
[PlyCount "77"]
[EventDate "2024.??.??"]
[WhiteTeam "SC Bad Nauheim"]
[BlackTeam "SV Oberursel"]

1. e4 d6 2. d4 Nf6 3. Bd3 e5 4. c3 Be7 5. Nf3 Nbd7 6. O-O b6 7. Nbd2 c5 8. d5 Qc7 9. c4 O-O 10. h3 Rd8 11. Nh2 g6 12. Ndf3 Nh5 13. g3 Nb8 14. Kg2 Ng7 15. Ng4 Rf8 16. Ng1 f5 17. Nh6+ Kh8 18. f4 fxe4 19. Bxe4 exf4 20. Bxf4 Bf6 21. Qd2 Qd7 22. Be3 Qe7 23. Bd3 Nd7 24. Ng4 Nh5 25. Rae1 Ne5 26. Nxf6 Nxf6 27. Bg5 Qd8 28. b3 Nxd3 29. Qxd3 Bf5 30. Qc3 Kg7 31. g4 Bd7 32. Bf4 Kg8 33. Bxd6 Rf7 34. Be5 Ne8 35. Rxf7 Kxf7 36. Rf1+ Kg8 37. Qf3 Qe7 38. d6 Nxd6 39. Qxa8+ 1-0

[Event "XXVI. Rhein-Main-Open, Gruppe B"]
[Site "Bad Homburg vor der Höhe"]
[Date "2024.05.29"]
[Round "3"]
[White "Rausch, Pius"]
[Black "Pichl, Johann"]
[Result "1/2-1/2"]
[WhiteElo "1153"]
[BlackElo "1708"]
[PlyCount "96"]
[EventDate "2024.??.??"]
[WhiteTeam "SK Stadtallendorf"]
[BlackTeam "SK Bad Homburg 1927"]

1. e4 d5 2. exd5 Qxd5 3. Nc3 Qd8 4. Nf3 Nf6 5. d4 Bg4 6. Be2 e6 7. h3 Bxf3 8. Bxf3 c6 9. O-O Bd6 10. Bg5 Nbd7 11. Ne4 Be7 12. Bxf6 Nxf6 13. c3 Qb6 14. Qb3 O-O 15. Qxb6 axb6 16. g4 Rfd8 17. Nxf6+ Bxf6 18. Rfd1 Ra5 19. Kf1 Bg5 20. Be2 Kf8 21. Bc4 Ke7 22. Kg2 Bf4 23. Re1 g5 24. Rad1 Kf6 25. f3 Raa8 26. Kf2 Rh8 27. Rh1 h5 28. Bb3 Rh6 29. Kg2 Rah8 30. Bc2 b5 31. Bd3 Ra8 32. a3 Rah8 33. Rde1 hxg4 34. fxg4 Rd8 35. Be4 Rd6 36. Rd1 Rh8 37. Rd3 Ke7 38. Kf3 e5 39. dxe5 Rxd3+ 40. Bxd3 Rd8 41. Rd1 Bxe5 42. Ke4 f6 43. Be2 Rxd1 44. Bxd1 Kd6 45. a4 b4 46. cxb4 Bxb2 47. Kd3 Ke5 48. Kc4 Bd4 1/2-1/2

[Event "XXVI. Rhein-Main-Open, Gruppe B"]
[Site "Bad Homburg vor der Höhe"]
[Date "2024.05.29"]
[Round "3"]
[White "Riazi, Dominik"]
[Black "Noll, Raphael"]
[Result "0-1"]
[WhiteElo "1207"]
[BlackElo "1776"]
[PlyCount "114"]
[EventDate "2024.??.??"]
[WhiteTeam "SK Bad Homburg 1927"]
[BlackTeam "SK Marburg 1931/72"]

1. e4 e5 2. Nf3 Nf6 3. Bc4 Nxe4 4. Qe2 d5 5. d3 dxc4 6. Qxe4 cxd3 7. Nxe5 Qe7 8. cxd3 f6 9. Nf3 Bf5 10. Qxe7+ Bxe7 11. d4 Nc6 12. Bf4 Nb4 13. Kd2 Nc2 14. Nh4 Nxd4 15. Nxf5 Nxf5 16. Bxc7 Nd6 17. Bxd6 Bxd6 18. Nc3 O-O-O 19. Kc2 Bf4 20. Rad1 Rhe8 21. g3 Bc7 22. Rhe1 Bb6 23. f3 Ba5 24. Rxd8+ Kxd8 25. Rxe8+ Kxe8 26. Nb5 Bb6 27. Kd3 Kd7 28. Ke4 a6 29. Nc3 Kd6 30. Kf5 Bd4 31. Ne4+ Kd5 32. b3 Be5 33. h4 g6+ 34. Kg4 f5+ 35. Kg5 fxe4 36. fxe4+ Kxe4 37. g4 Bg7 38. h5 gxh5 39. gxh5 Kd3 40. h6 Bc3 41. Kf5 Kc2 42. Ke6 Kb2 43. Kf7 Kxa2 44. Kg8 Kxb3 45. Kxh7 a5 46. Kg8 a4 47. h7 a3 48. h8=Q Bxh8 49. Kxh8 a2 50. Kg8 a1=Q 51. Kf8 Qf6+ 52. Kg8 Qe7 53. Kh8 Kc4 54. Kg8 Kd5 55. Kh8 Ke5 56. Kg8 Kf6 57. Kh8 Qg7# 0-1

[Event "XXVI. Rhein-Main-Open, Gruppe B"]
[Site "Bad Homburg vor der Höhe"]
[Date "2024.05.29"]
[Round "3"]
[White "Rotaermel, Leonie"]
[Black "Schleicher, Nicolai"]
[Result "1/2-1/2"]
[WhiteElo "1674"]
[BlackElo "1273"]
[PlyCount "47"]
[EventDate "2024.??.??"]
[WhiteTeam "SK Bad Homburg 1927"]
[BlackTeam "SV Frankfurt Nord 1926"]

1. e4 c5 2. Nf3 d6 3. d4 cxd4 4. Nxd4 Nf6 5. Nc3 Nc6 6. Be2 g6 7. Be3 Bg7 8. O-O a6 9. a4 e5 10. Nb3 O-O 11. Qd2 Qc7 12. Rfd1 Rd8 13. a5 Qe7 14. Bg5 Be6 15. Nd5 Bxd5 16. exd5 Nb8 17. Qe3 Nbd7 18. Nd2 Qf8 19. Ne4 h6 20. Bxf6 Nxf6 21. Nxf6+ Bxf6 22. Ra4 Rac8 23. Qb3 Rc7 24. Rb4 1/2-1/2

[Event "XXVI. Rhein-Main-Open, Gruppe B"]
[Site "Bad Homburg vor der Höhe"]
[Date "2024.05.29"]
[Round "3"]
[White "Schaack, Frank"]
[Black "Nikonenko, Tymofii"]
[Result "0-1"]
[WhiteElo "1470"]
[BlackElo "1230"]
[PlyCount "66"]
[EventDate "2024.??.??"]
[WhiteTeam "SK Bad Homburg 1927"]
[BlackTeam "SV Oberursel"]

1. e3 d5 2. d4 Nf6 3. Bb5+ Nbd7 4. Bxd7+ Bxd7 5. Nf3 e6 6. Ne5 Be7 7. b3 O-O 8. Nc3 Bb4 9. Bd2 Bxc3 10. Bxc3 Bb5 11. Qf3 Ne4 12. Bb4 Nd6 13. O-O-O a5 14. Ba3 a4 15. b4 Bc4 16. Kb2 f6 17. Nd3 Bxd3 18. Rxd3 Nc4+ 19. Ka1 c6 20. Rb1 e5 21. b5 e4 22. Qf5 exd3 23. Qxd3 Re8 24. bxc6 bxc6 25. Re1 Qa5 26. Re2 Rab8 27. e4 Rxe4 28. Rxe4 dxe4 29. Qxc4+ Kh8 30. c3 Qh5 31. Qxa4 Qe2 32. Bc1 Qd3 33. Qxc6 Qb1# 0-1

[Event "XXVI. Rhein-Main-Open, Gruppe B"]
[Site "Bad Homburg vor der Höhe"]
[Date "2024.05.29"]
[Round "3"]
[White "Schmid, Herbert"]
[Black "Brunner, Andreas"]
[Result "1-0"]
[WhiteElo "1818"]
[BlackElo "1643"]
[PlyCount "125"]
[EventDate "2024.??.??"]
[WhiteTeam "SK Wertheim"]
[BlackTeam "FV Berkersheim"]

{[%evp 0,99,36,31,34,0,0,-13,14,7,7,7,38,30,53,43,86,48,50,25,44,16,14,22,31,24,24,13,23,23,47,-23,-36,-33,17,-3,18,-167,-165,-165,-115,-146,-45,-79,14,-162,-156,-71,-29,-216,177,192,176,191,289,286,291,329,329,295,314,313,345,354,442,446,464,449,460,426,441,419,419,481,513,511,662,414,517,546,637,670,944,632,759,816,964,29990,29991,29992,29997,29992,29995,395,580,612,627,627,628,628,827,833]} 1. e4 e6 2. d3 d5 3. Nd2 dxe4 4. dxe4 Nc6 5. Ngf3 Bb4 6. c3 Bc5 7. Bb5 Nge7 8. O-O O-O 9. Qc2 a6 10. Bd3 e5 11. Nc4 Ng6 12. b4 Ba7 13. Bg5 Qe8 14. a4 Bg4 15. Ne1 Be6 16. Be3 Qd8 17. b5 axb5 18. Nd2 b4 19. Bb5 Bd7 20. Nb3 Qe8 21. Nd3 Nh4 22. Ne1 Bxe3 23. fxe3 bxc3 24. Nc5 b6 25. Nxd7 Qxd7 26. Qxc3 Rad8 27. Bxc6 Qd2 28. Qxd2 Rxd2 29. Rf2 Rdd8 30. Rc1 Ng6 31. Nf3 f6 32. Bd5+ Kh8 33. Rxc7 Rb8 34. h4 Rfd8 35. Rfc2 Nf8 36. g4 Nd7 37. g5 h6 38. Be6 Nf8 39. Bd5 Nd7 40. gxh6 g5 41. Be6 Nc5 42. Bf5 Nxa4 43. Rh7+ Kg8 44. Rcc7 Nc5 45. Rhg7+ Kh8 46. h7 b5 47. Rg8+ Rxg8 48. hxg8=Q+ Kxg8 49. Rxc5 Kg7 50. Rc7+ Kg8 51. Nd2 b4 52. Nb3 Rd8 53. Be6+ Kh8 54. Bd5 f5 55. Rb7 f4 56. Kf2 fxe3+ 57. Kxe3 Rc8 58. Rxb4 Rc3+ 59. Kf2 Rh3 60. Rb8+ Kg7 61. Nc5 Rxh4 62. Nd7 g4 63. Rg8+ 1-0

[Event "XXVI. Rhein-Main-Open, Gruppe B"]
[Site "Bad Homburg vor der Höhe"]
[Date "2024.05.29"]
[Round "3"]
[White "Smid, Marcel"]
[Black "Ahrends, Norbert"]
[Result "0-1"]
[WhiteElo "1651"]
[BlackElo "1944"]
[PlyCount "44"]
[EventDate "2024.??.??"]
[BlackTeam "SK 1980 Gernsheim"]

1. e4 c6 2. d4 d5 3. exd5 cxd5 4. Bd3 Nf6 5. c3 Nc6 6. h3 e5 7. dxe5 Nxe5 8. Qe2 Qe7 9. Bb5+ Nc6 10. Qxe7+ Bxe7 11. Bf4 O-O 12. Nf3 Bc5 13. O-O a6 14. Bd3 d4 15. cxd4 Nxd4 16. Nxd4 Bxd4 17. Nc3 Be6 18. Rfe1 Rfd8 19. Bc2 Rac8 20. Be5 b5 21. Bxd4 Rxd4 22. Be4 b4 0-1

[Event "XXVI. Rhein-Main-Open, Gruppe B"]
[Site "Bad Homburg vor der Höhe"]
[Date "2024.05.29"]
[Round "3"]
[White "Vasudevan, Ananya"]
[Black "Wolf, Aurelia"]
[Result "0-1"]
[WhiteElo "1244"]
[BlackElo "1498"]
[PlyCount "90"]
[EventDate "2024.??.??"]
[WhiteTeam "SK Langen"]
[BlackTeam "SK Bad Homburg 1927"]

1. d4 Nf6 2. Nc3 d5 3. Bf4 c6 4. e3 Bf5 5. Nf3 e6 6. a3 Be7 7. Be2 O-O 8. O-O Ne4 9. Nxe4 dxe4 10. Nh4 Bxh4 11. Bg4 Bg5 12. Bxf5 Bxf4 13. Bxh7+ Kxh7 14. exf4 Qb6 15. Rb1 Nd7 16. Qh5+ Kg8 17. c3 Nf6 18. Qe5 Rad8 19. f5 Rd5 20. Qg3 Rxf5 21. Rfe1 c5 22. dxc5 Rxc5 23. Re3 Rd8 24. f3 Rxc3 25. bxc3 Qxb1+ 26. Re1 Qb3 27. Qc7 Rd7 28. Qc8+ Kh7 29. fxe4 Rd2 30. Rf1 Nxe4 31. Qc7 Qc2 32. Qf4 Rxg2+ 33. Kh1 Ng3+ 34. Qxg3 Rxg3 35. hxg3 Qxc3 36. Rxf7 Qxa3 37. Rxb7 Qf3+ 38. Kg1 Qxb7 39. g4 a5 40. g5 a4 41. g6+ Kxg6 42. Kf1 a3 43. Kg1 a2 44. Kf1 Qb2 45. Kg1 a1=Q# 0-1

[Event "XXVI. Rhein-Main-Open, Gruppe B"]
[Site "Bad Homburg vor der Höhe"]
[Date "2024.05.29"]
[Round "3"]
[White "Vogel, Kurt"]
[Black "Kaiser, Danny"]
[Result "1-0"]
[WhiteElo "1751"]
[BlackElo "1103"]
[PlyCount "81"]
[EventDate "2024.??.??"]
[WhiteTeam "DJK Aufwärts St. Josef Aachen"]
[BlackTeam "SC Bad Nauheim"]

1. e4 e5 2. Bc4 Nc6 3. Nc3 Nf6 4. d3 Bb4 5. Bd2 O-O 6. Nge2 Ne7 7. O-O c6 8. Ng3 d5 9. exd5 Nexd5 10. Nxd5 Bxd2 11. Nxf6+ Qxf6 12. Qxd2 Re8 13. Ne4 Qg6 14. Qg5 Bf5 15. Qxg6 Bxg6 16. Rfe1 a5 17. a4 Rab8 18. Nc3 Kh8 19. f3 f6 20. Kf2 h5 21. Re3 Kh7 22. Rae1 Rbd8 23. g3 Kh6 24. Kg2 Rd7 25. f4 Rde7 26. fxe5 fxe5 27. Ne4 Rd8 28. Nd2 Rde8 29. Kg1 Kh7 30. Nf3 b5 31. axb5 cxb5 32. Bxb5 Rb8 33. Rxe5 Rxe5 34. Rxe5 Rc8 35. Bc4 Rb8 36. b3 Rf8 37. Nd2 Rd8 38. Rxa5 Re8 39. Ne4 Bxe4 40. dxe4 Rxe4 41. Bd3 1-0

[Event "XXVI. Rhein-Main-Open, Gruppe B"]
[Site "Bad Homburg vor der Höhe"]
[Date "2024.05.29"]
[Round "3"]
[White "Wolf, Helena"]
[Black "Li, Leo Jiayi"]
[Result "1-0"]
[WhiteElo "1498"]
[BlackElo "1151"]
[PlyCount "51"]
[EventDate "2024.??.??"]
[WhiteTeam "SK Bad Homburg 1927"]
[BlackTeam "SV Oberursel"]

1. e4 c5 2. Nf3 d6 3. d4 cxd4 4. Nxd4 Nf6 5. Nc3 g6 6. Be3 Bg7 7. f3 h5 8. Qd2 a6 9. a4 Qa5 10. Be2 Nbd7 11. h3 Nc5 12. O-O Ne6 13. Rab1 Qc7 14. f4 Nc5 15. Bf3 Bd7 16. b3 O-O-O 17. f5 e6 18. fxe6 Nxe6 19. b4 b6 20. b5 a5 21. Rbd1 Be8 22. Nc6 Bxc6 23. bxc6 Ne8 24. Nd5 Qb8 25. Bxb6 Nf6 26. Ne7# 1-0

[Event "XXVI. Rhein-Main-Open, Gruppe B"]
[Site "Bad Homburg vor der Höhe"]
[Date "2024.05.29"]
[Round "3"]
[White "Ziegler, Christopher"]
[Black "Meyer Jany, Marcel"]
[Result "0-1"]
[WhiteElo "1740"]
[BlackElo "1785"]
[PlyCount "74"]
[EventDate "2024.??.??"]
[WhiteTeam "SV 1920 Kelsterbach"]
[BlackTeam "SK Herborn 1946"]

1. e4 c6 2. d4 d5 3. f3 e6 4. Nc3 Nf6 5. Bg5 Be7 6. Nh3 Nxe4 7. Nxe4 dxe4 8. Bxe7 Qxe7 9. fxe4 Qb4+ 10. c3 Qxb2 11. Qc1 Qxc1+ 12. Rxc1 e5 13. Ng5 f6 14. Nf3 Bg4 15. Bc4 Nd7 16. Kf2 O-O-O 17. h3 Nb6 18. hxg4 Nxc4 19. g5 fxg5 20. Nxg5 Rdf8+ 21. Ke2 h6 22. Ne6 Rf6 23. Nxg7 Rg6 24. Nf5 Rxg2+ 25. Kd3 b5 26. Rc2 Nb2+ 27. Rxb2 Rxb2 28. Rxh6 Rxh6 29. Nxh6 exd4 30. cxd4 Rxa2 31. Nf5 Ra3+ 32. Kd2 Kd7 33. Ne3 a5 34. Nc2 Rh3 35. e5 Ke6 36. Ne3 a4 37. Nc2 a3 0-1